Интегрални структури в учебното съдържание на средното училище (Запис номер 198752)
[ съкратено ]
| 000 -Лидер | |
|---|---|
| Контролно поле с фиксирана дължина | 02071nam a2200337 c 4500 |
| 003 - Код на организацията, давaща контролен номер | |
| Контролно поле | BLK |
| 005 - Дата и час на последна редакция | |
| Контролно поле | 20180422120302.0 |
| 008 - Елементи от данни с фиксирана дължина | |
| fixed length control field | 180411b bul|||||r ||||||| ||bul|| |
| 010 ## - Наследен системен номер | |
| LC control number | KNG00208102000 |
| 040 ## - Източник на каталожния запис | |
| Идентификатор на билиотеката - собственик на записа | BLK |
| 041 ## - Код за език | |
| Код за езика на текст/звукозапис или на отделно заглавие | Български |
| Код за езика КДБФ | Български |
| 080 ## - УДК | |
| Текстов определител УДК | Организация на обучението в средните училища. Подразделя се като 371 |
| УДК код - определител по УДК | 373.51 |
| УДК определител | |
| УДК - код + определител | 373.51 |
| 100 1# - Редна дума - Автор | |
| Автор | Котова, Искра Стоянова |
| Авторска отговорност | първи автор |
| R(LIN) | 363742 |
| 139 ## - Редно поле | |
| Редна дума | Интегрални структури в учебното съдържание на средното училище |
| Авторски знак | Инт - И 72 |
| 245 10 - Сведения за заглавието | |
| Заглавие | Интегрални структури в учебното съдържание на средното училище |
| Подзаглавни данни | Хуманитарно направление : Изследване |
| Редно поле (дума) | Искра Стоянова Котова; под ред. на Искра Стоянова Котова. |
| 257 ## - Страна на издаване | |
| Страна на създаване/издаване | България |
| 260 ## - Област на издателските данни | |
| -- | София |
| Име на издателя, разпространителя и проч. | Нар. просв. |
| Година на издаване | 1990 |
| Печатница | Хасково : Ат. Стратиев |
| 300 ## - Физическа характеристика | |
| Страници | 384 с. |
| Илюстрации и др. | с табл., сх. |
| Размери/Мащаб | 21 см |
| 380 ## - Жанр | |
| Жанр | Обществени науки |
| 500 ## - Общи забележки | |
| Забележка | Други авт. : Р. Генков, З. Захариев, Св. Кръстева, Р. Кушева, Т. Владимирова, П. Дражев, Р. Пенкова, Р. Пъндева, Й. Симеонова, П. Стефанова, Н. Танчев, Т. Цингилев, отбелязани на гърба на загл. с. - Авт. Р. Пъндева известна като Радост Симеонова Цанева. |
| 650 #4 - Допълнително описание по предмет – тема | |
| Основно описание – тема или топоним | Учебен процес - в средните училища - организация |
| 9 (RLIN) | 348394 |
| 650 #4 - Допълнително описание по предмет – тема | |
| Основно описание – тема или топоним | Средни училища |
| 9 (RLIN) | 272500 |
| 653 ## - Ключова дума – ненормативна | |
| Ключова дума | средни училища |
| 653 ## - Ключова дума – ненормативна | |
| Ключова дума | учебен процес |
| 700 1# - Други автори (авторска отговорност) | |
| Лично име | Котова, Искра Стоянова |
| Автороска отговорност (Описва отношението между автора и произведението) | под ред. на |
| 9 (RLIN) | 363742 |
| 852 ## - Местоположение | |
| Форматна сигнатура | Цб 162303 |
| 856 4# - Електронен адрес и достъп | |
| Електронен формат | pdf - файл |
| Път до файла /url/ | |
| 856 4# - Електронен адрес и достъп | |
| Електронен формат | pdf - файл |
| Път до файла /url/ | |
| 942 ## - АРТИКУЛИ | |
| Вид на библиотечния материал | Книги |
| Скрит в OPAC | Не |
| 944 ## - СЪЗДАВАНЕ И РЕДАКЦИЯ на ЗАПИСА | |
| Създаване/Редакция | Създаване |
| Дата на регистрацията/редакция | 16.06.2017 |
| Служител, извършил регистрацията/редакцията | Теодора_Стоянова |
| 944 ## - СЪЗДАВАНЕ И РЕДАКЦИЯ на ЗАПИСА | |
| Създаване/Редакция | Редакция |
| Дата на регистрацията/редакция | 16.06.2017 |
| Служител, извършил регистрацията/редакцията | Теодора_Стоянова |
| 999 ## - СИСТЕМНИ КОНТРОЛНИ НОМЕРА | |
| Koha biblionumber | 198752 |
| Koha biblioitemnumber | 198752 |
| Код за отписване | Код за изгубен артикул | Източник на класификационната схема | Код за повреда | Коз за рестрикции | Код за отдаване | Артикулен № | Име на библиотеката - собственик | Име на библиотеката, в която се намира в момента | Статус (Текущо местоположение) | Дата на вписване в системата | Местоположение - отдел | Цена в лева | Инвентарен номер | Систематично азбучна сигнатура | Баркод | Номер на екземпляра | Цена в евро | Служебна бележка | Служебен тип на артикула |
|---|---|---|---|---|---|---|---|---|---|---|---|---|---|---|---|---|---|---|---|
| Не е изгубен | Universal Decimal Classification | Не е повреден | без рестрикции | ползва се в читалня | 345447 | Регионална библиотека "Любен Каравелов" Русе | Регионална библиотека "Любен Каравелов" Русе | Хранилище | 1990-01-01 | Хранилище | 3.82 | 532115 | Цб 162303 | 120000532115 | 1 | 1.95 | Дост: Dp Вид: Сф Дата: 01.01.1990 | Книги | |
| Изтеглен | Не е изгубен | Universal Decimal Classification | Не е повреден | без рестрикции | заемане за дома | 345448 | Регионална библиотека "Любен Каравелов" Русе | Регионална библиотека "Любен Каравелов" Русе | Заемна - подръчен фонд | 1990-01-01 | Заемна - подръчен фонд | 3.82 | 532924 | П 373.5/И 72 | 532924 | 2 | 1.95 | Дост: Pk Вид: Сф Дата: 01.01.1990 Дата инв: 07.02.2018 Бележки инв: П2018 | Книги |